000 01211nam a22002777a 4500
001 BD-DhSAU 9278
003 BD-DhSAU
005 20230121112746.0
008 150613b2018 bg a|||| m||| 00| 0 eng d
040 _aBD-DhSAU
082 _222
_a338.1
_bC3493
100 _aCHAITY, KAUMUDI PROVA
_eRegistration No. # 14-05814
245 _aFinancial profitability and factors affecting mustard production in some selected areas of pabna district /
_bMS thesis
260 _aSher-e-Bangla Agricultural University :
_bDepartment of Economics,
_c2021
300 _aix, 62p. :
_bill. ;
_c30 cm.
500 _aMS thesis of Department of Economics, Faculty of Agribusiness , Sher-e-Bangla Agricultural University, Dhaka, Bangladesh
504 _aIncludes bibliographical reference.
590 _aNazmul
650 _afactors affecting mustard production
650 _apabna district
651 _aoff- season vegetable cultivation
700 _aProf. Dr. Md. Mizanur Rahman Sarker
_eSuperviser
700 _aAssocio. prof. Md. Rakibur Rahman
_eCo-superviser
856 _uhttp://archive.saulibrary.edu.bd:8080/xmlui/handle/123456789/4730
942 _2ddc
_cTHESIS
999 _c16530
_d16529